1820 1219 1364 1897 1491 1288 1625 1931 1721 1161 1177 1552 1333 1471 1441 1332 1449 1459 1978 1798 1367 1610 1019 1218 1476 1051 1520 1579 1225 1407 1382 1927 1292 1643 1741 1738 1527 1099 1890 1288 1697 1017 1942 1069 1647 1833 1216 1860 1144 1777 1944 1994 1864 1017 1409 1117 1645 1322 1732 1754 1869 1408 1345 1593 1770 1376 1885 1184 1461 1500 1508 1977 1752 1740 1691 1863 1079 1644 1538 1916 1606 1021 1660 1238 1409 1992 1355 1070 1267 1591 1302 1517 1725 1807 1396 1570 1012 1492 1798 BCNSPRNW ULIB Ver.6.0+V

เปลี่ยนเป็นภาษาไทย

Change to English
 แสดงรายละเอียดบรรณานุกรม
  กลับหน้าหลัก

Brief Record : Get Marc (ISO 2709) : E-mail record : QR code < ปิดหน้าต่าง
LEADER : 00000nam 2200000uu 4500
001    13399112490
003     ULIB
008    110627s2551||||th 000 0 tha d
020    9786160101141
090    นว.^bจ757ส 2551
100 0  ปุยฝ้าย
245 00 Surprise Hiso ท้าชนหัวใจยัยไฮโซมาดร้ายกับคุณชายมาดรัก/^cปุยฝ้าย
250    พิมพ์ครั้งที่
260    กรุงเทพฯ :^bแจ่มใส,^c2551
300    168 หน้า
710 1  แจ่มใส
945    ^p159^l0^i023607
999 ^a เกษร
รายการนี้ยังไม่มีแท็ก
คุณยังไม่ได้ล็อกอิน คุณสามารถมีกิจกรรมร่วมกับเว็บไซต์ได้ แต่ต้องล็อกอินก่อน ::
  ล็อกอิน

รายการสื่อสารสนเทศ

ลำดับที่ ประเภท เลขเรียก/บาร์โค้ด สถานที่ สถานะ
- ไม่พบข้อมูล -

BibComment


ยังไม่เคยถูกคอมเมนท์

คอมเมนท์ทรัพยากรรายการนี้
  คอมเมนท์: Surprise Hiso ท้า..


 Copyright 2026. Bcnsprnw @Library